00179nam a2200073Ia 4500008004100000100001600041245003300057999001500090170524s9999 xx 000 0 und d aGURUSAMY- S 0aFINANCIAL STATEMENT ANALYSIS c9666d9666